Educational budgeting in Bangladesh, Nepal and Sri Lanka..

Αποθηκεύτηκε σε:
Λεπτομέρειες βιβλιογραφικής εγγραφής
Κύριος συγγραφέας: Oulai, Dramane ed, (autor)
Άλλοι συγγραφείς: Costa, Isabel Da, ed (autor) ed, (autor)
Μορφή: Βιβλίο
Γλώσσα:Αγγλικά
Σειρά:(Educational costs and financing)
Θέματα:
Ετικέτες: Προσθήκη ετικέτας
Δεν υπάρχουν, Καταχωρήστε ετικέτα πρώτοι!

MARC

LEADER 00000cam^a2200000uu^4500
001 000516854
005 20250521000000.0
008 050901s2001^^^^^^^^^^^^rd^r^^000^0^eng^d
009 20260310130345.374
035 |a FCE 000061075 
037 |a Acervo ITESO - Biblioteca 
041 |a eng 
082 0 4 |a 370.1  |b E.C.F. 1 
100 |a Oulai, Dramane,  |e ed  |e (autor) 
245 1 0 |a Educational budgeting in Bangladesh, Nepal and Sri Lanka.. 
264 |a Paris :  |b UNESCO, IIEP,  |c 2009. 
300 |a 278 p. 
336 |a texto  |b txt  |2 rdacontenido 
337 |a sin mediación  |b n  |2 rdamedio 
338 |a volumen  |b nc  |2 rdasoporte 
440 0 |a (Educational costs and financing) 
649 |a XX 
650 |a Financiamiento educativo 
650 |a Presupuestos 
650 |a Análisis comparativo 
650 |a Bangladesh 
650 |a Sri Lanka 
650 |a Nepal 
700 |a Costa, Isabel Da,  |e ed  |e (autor) 
910 |a Fondo Centro de Estudios Educativos 
920 |a Impresos - Libros 
930 |a Fondos Especiales 
905 |a 133 
901 |a ALE070730  |b IT2  |c CEE  |u 20250521 
902 |a https://opac.biblio.iteso.mx/vufind/Record/000516854